| 000 | 00441cam a2200181ua 4500 | ||
|---|---|---|---|
| 001 | 10374 | ||
| 008 | 180814n ii |||gr||||Z||||||eng | ||
| 020 | _a9789327254617 | ||
| 040 | _cMAIN | ||
| 041 | _aeng | ||
| 082 | _a657 | ||
| 245 |
_aAdvanced financial accounting _cBy S.P. Jain |
||
| 250 | _a3rd rev. ed. | ||
| 260 |
_aLudhiana: _bKalyani publishers, _c2015. |
||
| 653 | _aAccounting | ||
| 700 |
_aNarang, K.L., _eAuthor. |
||
| 942 | _cBK | ||
| 999 |
_c9364 _d9364 |
||